00302 a2200133 4500003000500000005001700005020001700022040000900039082001200048245005500060300000900115538001100124650003300135Nust20170207164424.0 a09759992-0-6 cNust a621.382 aVoIP Telephony with Asterisk (E BOOK)cPaul Mahler a211p aE Book aVoIP Telephony with Asterisk